Estudio sobre conocimiento, percepción, expectativas aspiraciones y actitud de compromiso de los actores educativos respecto a la Misión 1000x1000, Resumen Ejecutivo (Record no. 9151)

MARC details
000 -LEADER
campo de control de longitud fija 00453nam a2200133Ia 4500
001 - NÚMERO DE CONTROL
campo de control 962
008 - DATOS DE LONGITUD FIJA--INFORMACIÓN GENERAL
campo de control de longitud fija 241024s9999 xx 000 0 und d
082 ## - NÚMERO DE LA CLASIFICACIÓN DECIMAL DEWEY
Número de clasificación RD/370.97293/ID19e
100 ## - ENTRADA PRINCIPAL--NOMBRE DE PERSONA
Nombre de persona IDEICE
245 #0 - MENCIÓN DEL TÍTULO
Título Estudio sobre conocimiento, percepción, expectativas aspiraciones y actitud de compromiso de los actores educativos respecto a la Misión 1000x1000, Resumen Ejecutivo
260 ## - PUBLICACIÓN, DISTRIBUCIÓN, ETC.
Nombre del editor, distribuidor, etc. IDEICE
Fecha de publicación, distribución, etc. 2010
901 ## - ELEMENTOS DE DATOS A LOCAL LDA (RLIN)
a 13/12/2010 2:56:48 p.m.

No items available.

© 2024. Todos los Derechos Reservados. Desarrollado por IDEICE